Gaming Quiz

Random Gaming Quiz

Can you name all of the Knives in CSGO? Quiz Stats

 Plays Quiz not verified by Sporcle

Challenge
Share
Tweet
Embed
Score 0/10 Timer 05:00
0 Plays Today
Knife % Correct
???
97.1%
???
92.8%
???
91.9%
???
91.8%
???
91.3%
???
90.1%
???
81.8%
???
80.5%
???
80.5%
???
79.6%

You're not logged in!

Compare scores with friends on all Sporcle quizzes.
OR
Log In

You Might Also Like...

Show Comments

Extras

Created Mar 10, 2016ReportNominate
Tags:500, knife, score, Top 5

Top Quizzes Today


Score Distribution

Your Account Isn't Verified!

In order to create a playlist on Sporcle, you need to verify the email address you used during registration. Go to your Sporcle Settings to finish the process.

Report this User

Report this user for behavior that violates our Community Guidelines.

Details: